01185nam a22001217a 4500008004100000100004700041245012000088260003300208300003200241520068000273650007800953773003201031210720b ||||| |||| 00| 0 eng d aVaagaasar, A.L., Hernes, T. and Dille, T.  aThe challenges of implementing temporal shifts in temporary organizations: Implications of a situated temporal view aProject Management Journal  a51(4), Aug, 2020: p.420-428 aWe apply a situated temporal view to reveal the acute challenge actors face in making changes when their project moves toward its final deadline. A situated temporal view takes account not just of the dwindling time left to change the future but also the lingering past, the combination of which poses particular challenges to organizers. We discuss aspects of temporary organizing that make such temporal shifts challenging: the complex interplay between temporal structures and practices, multiple temporal orientations, and deferred timing of temporal shifts. We suggest ideas for further research to apply a situated temporal view to temporary organizing. – Reproduced  aTemporary organization, Project, Time frame, Shifts, Situated temporality aProject Management Journal